Geograficzna wiedza ogólna - Statystyki

Ogólne statystyki
  • Ten quiz został rozwiązany 159 razy
  • Średni wynik to 7 z 30
Statystyki odpowiedzi
Hint Odpowiedź % Poprawnych
Najgłębsze jezioro świata Bajkał
63%
Kraj, w którym jest więcej koni niż ludzi Mongolia
62%
Państwa takie jak Tajlandia i Wietnam leżą na półwyspie... Indochińskim
59%
Rzeka przepływająca przez Bratysławę Dunaj
55%
Państwo, od którego Indonezja uzyskała niepodległość w roku 1945 Holandia
42%
Największe miasto w Afryce Lagos
40%
Jedyne państwo w Ameryce Południowej, w którym językiem urzędowym jest Angielski Gujana
39%
Województwo, w którym jest krzywy las Zachodniopomorskie
39%
Stolica Grenlandii Nuuk
36%
Państwo afrykańskie, które dzieli nazwe z jeziorem Malawi
32%
Polski król, który wybudował zamki na szlaku Orlich Gniazd Kazimierz Wielki
30%
Zatoka w Kanadzie Zatoka Hudsona
26%
Najwyżej położone jezioro świata Titicaca
25%
Najniżej położone państwo na świecie Malediwy
17%
Miasto z odległością od równika 0°15′ S Quito
17%
Ilość Polaków mieszkających w Papui-Nowej Gwinei 20
15%
Stolica Kiribati South Tarawa
15%
Największa wyspa Kanady Ziemia Baffina
15%
Stolice RPA (w kolejności alfabetycznej) Bloemfontein, Kapsztad, Pretoria
12%
Rzeka, w której znaleziono piękną kobietę, później przyczyniającą się do powstania fantomów (manekinów do ćwiczeć) Sekwana
12%
Trzeci co do wysokości szczyt świata Kanczendzonga
10%
Inżynier, który wybudował Centralną Kolej Transandyjską Ernest Malinowski
9%
Najwyższy szczyt Tatr położony w calości w Polsce Kozi Wierch
9%
Najpłytsze morze świata Azowskie
8%
Rzecz, z której słynie Wyspa Wielkanocna Moai
8%
Najniżej położone miejsce w Australii Jezioro Eyre
3%
Najwyżej położone miasto świata La Rinconada
3%
Dawna nazwa Timoru Wschodniego Timor Portugalski
3%
Gejzer, od którego pochodzi nazwa dla tego typu gorących źródeł Geysir
2%
Z jakiego miejsca wypływa Warta? Spod kaplicy
2%
Nie znaleziono quizów pasujących do podanych kryteriów
Rozkład punktacji
Procent ludzi z każdym wynikiem
Percentyl według liczby udzielonych odpowiedzi
Twoja historia wyników
Nie rozwiązałeś tego quizu